A Legacy of giving : (Record no. 13539)

MARC details
000 -LEADER
fixed length control field 00681nam a22002172 4500
001 - CONTROL NUMBER
control field 0000012883
005 - DATE AND TIME OF LATEST TRANSACTION
control field 20151217155853.0
008 - FIXED-LENGTH DATA ELEMENTS--GENERAL INFORMATION
fixed length control field 090329s xx 000 0 eng d
020 ## - INTERNATIONAL STANDARD BOOK NUMBER
International Standard Book Number 9966831101 :
040 ## - CATALOGING SOURCE
Original cataloging agency KABU
Transcribing agency KABU
100 1# - MAIN ENTRY--PERSONAL NAME
Personal name Lukalo-Owino, Rose.
-- 0000169863
245 12 - TITLE STATEMENT
Title A Legacy of giving :
Remainder of title the story of Mohamedally and Maniben Rattansi Educational Trust.
250 ## - EDITION STATEMENT
Edition statement 1st ed.
260 ## - PUBLICATION, DISTRIBUTION, ETC. (IMPRINT)
Place of publication, distribution, etc. Farnham, UK. :
Name of publisher, distributor, etc. Allavida,
Date of publication, distribution, etc. 2008.
300 ## - PHYSICAL DESCRIPTION
Extent xi, 96 p.
600 10 - SUBJECT ADDED ENTRY--PERSONAL NAME
Personal name Rattansi, Mohamedally.
-- 0000169864
600 10 - SUBJECT ADDED ENTRY--PERSONAL NAME
Personal name Rattansi, Maniben.
-- 0000169865
852 1# - LOCATION
-- p500 KES
908 ## - PUT COMMAND PARAMETER (RLIN)
Put command parameter 090329
950 ## - LOCAL HOLDINGS (RLIN)
-- 1
Holdings
Withdrawn status Lost status Source of classification or shelving scheme Not for loan Home library Current library Date acquired Total Checkouts Full call number Barcode Date last seen Price effective from Koha item type
    Library of Congress Classification   Kabarak, Main Campus Kabarak, Main Campus 17/12/2015   HV28 .R3L85 2008 c. 1 17418 17/12/2015 17/12/2015 Africana Collection
Designed with assistance from East African Informatics Ltd